Statistics for Sweeney Todd By the Sea Lyrics

Click here to take the quiz!

General Stats

  • This quiz has been taken 48 times
  • The average score is 21 of 25

Answer Stats

LyricAnswer% Correct
Do you want to know? Do you ____ want to know?really
100%
Oh Mr. Todd. I'm so ____. I could eat you up, I really could.happy
98%
By the sea, Mr. Todd, oh I know you'd ____ itlove
98%
Where I'd really like to go, in a ___ or soyear
98%
When it's ____ you and me and the English Channeljust
93%
By the sea, Mr. Todd, that's the ___ I covetlife
93%
You and me, Mr. T, we could be ____alone
88%
We'll have chums over every ____Friday
88%
In a house that we almost ____own
88%
You know what I'd like to do, Mr. Todd? What I ____?dream
86%
Think how snug it'll be underneath a _____flannel
86%
By the Sea. Don't you love the ____?weather
86%
But a _____ wedding could be devisedseaside
84%
To the _____, oh oh, to the beautiful seaseaside
84%
Down by the sea... (Anything you say), Wouldn't that be ______?smashing
84%
By the seaside, Oh oh, by the _____ sea.beautiful
81%
If the _____ stays as goodbusiness
81%
It'll be so quiet that who'll come by it except a ____? Hoo, hoo.seagull
81%
By the Sea. We'll ____ ____ togethergrow old
79%
Me ____'ll flutter, I'll turn into butter, the moment I mutter I do.eyelids
77%
In our cozy ____ kept all neat and tidyretreat
72%
We shouldn't ___ it though 'til it's legal for twotry
72%
By the Sea, bring along your _____chopper
67%
Me _____ bedding legitimizedrumpled
67%
By the Sea, _____ nice and propermarried
60%

Score Distribution

Percentile by Number Answered

Percent of People with Each Score

Your Score History

You have not taken this quiz